Gaming Quiz

Random Gaming or Video Games Quiz
Score 0/15 Timer 06:00
0 Plays Today
Picture # Weapon % Correct
Picture #1the Master Sword
87.4%
Picture #7Aperture Science Handheld Portal Device
74.8%
Picture #10Kingdom Key
67.6%
Picture #6Buster Sword
50.5%
Picture #14Hidden Blade
50.5%
Picture #8Mega Buster
45.9%
Picture #3Coconut Shooter
34.2%
Picture #13Stone Sword
33.3%
Picture # Weapon % Correct
Picture #9Arm Cannon
24.3%
Picture #4Crowbar
19.8%
Picture #15Poltergust 3000
16.2%
Picture #5Lara's Dual Pistols
15.3%
Picture #2M-8 Avenger
7.2%
Picture #12Vampire Killer Whip
3.6%
Picture #11Dagger of Time
0.9%
Remove Ads.
Support Sporcle.
Get the best of Sporcle when you Go Orange. This ad-free experience offers more features, more stats, and more fun while also helping to support Sporcle. Thank you for becoming a member.

You're not logged in!

Compare scores with friends on all Sporcle quizzes.
OR
Log In

Show Comments

Extras

Top Quizzes Today


Score Distribution

Your Account Isn't Verified!

In order to create a playlist on Sporcle, you need to verify the email address you used during registration. Go to your Sporcle Settings to finish the process.

Report this User

Report this user for behavior that violates our Community Guidelines.

Details: